Statistics for Google Maps Cities - Ohio

Click here to take the quiz!

General Stats

  • This quiz has been taken 38 times
  • The average score is 10 of 14

Answer Stats

City% Correct
Toledo
97%
Akron
94%
Cincinnati
94%
Cleveland
94%
Columbus
94%
Dayton
94%
Canton
81%
Youngstown
75%
Zanesville
59%
Lima
56%
Springfield
56%
Sandusky
50%
Findlay
41%
Mason
22%

Score Distribution

Percentile by Number Answered

Percent of People with Each Score

Your Score History

You have not taken this quiz